| 000 | 00748nam a2200193 a 4500 | ||
|---|---|---|---|
| 005 | 20230527063613.0 | ||
| 008 | 991125n1943 mx 000 0 spa u | ||
| 035 | _aUPN01000046454 | ||
| 049 | _aCG | ||
| 050 | 4 |
_aHM216 _bL3.6 1943 |
|
| 100 | 1 |
_aLarroyo, Francisco, _d1912-1981 _928491 |
|
| 245 | 1 | 4 |
_aLos principios de la ética social : _bconceptos, axiología, vigencia y realización de la moralidad / _cFrancisco Larroyo. |
| 260 |
_aMéxico : _bPorrúa, _c1943. |
||
| 300 | _a285 p. | ||
| 500 | _a"Para uso de las escuelas Preparatorias y Normales de la República, de acuerdo con el programa vigente de la Universidad Nacional Autónoma de México" | ||
| 650 | 4 |
_aConducta de vida _94416 |
|
| 650 | 7 |
_aÉtica social _2 _99124 |
|
| 905 | _aLibro | ||
| 999 |
_c46454 _d46454 |
||